00814cam a2200217 i 450000100060000000300080000600500170001400800390003103500190007004000230008904100080011208200170012010000170013711000660015424500370022026002450025730000260050250000160052850000200054465000320056420526BD-RjUL20211209000557.0140301r19891983tnu b f001 0 eng a(BD-RjUL)20588 aDLCcDLCdDLCbeng aeng00a5853.63bAGS aAarwal, M.P.2 aU.S. Atomic Energy Commission.bTechnical Information Center.10aSolar energy :ba bibliography / aOak Ridge, Tenn. :bU.S. Atomic Energy Commission, Office of Information Services, Technical Information Center ;aSpringfield, Va. :bavailable from the National Technical Information Service, U.S. Dept. of Commerce,c1983 [reprinted 1989] avi, 1934 p. ;c28 cm. a"TID-3351." aIncludes index. 0aSolar energyxBibliography.